[Event "26. Münsterland Open"]
[Site "Senden"]
[Date "2008.09.27"]
[Round "1.1"]
[White "Borovikov, Vladislav"]
[Black "Lerke, Bernd"]
[Result "1-0"]
[WhiteElo "2580"]
[BlackElo "2016"]
[PlyCount "77"]
[EventDate "2008.??.??"]
[WhiteTeam "SC 1919 Siegburg"]
[BlackTeam "SK Königsspringer Nordwalde"]

1. d4 c5 2. d5 d6 3. e4 e5 4. Nc3 Be7 5. Nf3 Nf6 6. Be2 O-O 7. O-O Ne8 8. Nd2
Nd7 9. a4 Bg5 10. Nc4 Bxc1 11. Qxc1 Nb6 12. Ne3 Qg5 13. a5 Nd7 14. Nc4 Qg6 15.
f4 exf4 16. Qxf4 Qf6 17. Qxf6 Ndxf6 18. Bf3 Bd7 19. Rfe1 Rb8 20. h3 h6 21. Kf2
Nh7 22. e5 dxe5 23. Nxe5 Nhf6 24. Nxd7 Nxd7 25. Re7 Ndf6 26. a6 bxa6 27. b3 Rb4
28. Rxa6 Rd4 29. Rc6 Rd2+ 30. Re2 Rxe2+ 31. Kxe2 Nd7 32. Ne4 Ne5 33. Rxc5 f5
34. Nd2 g5 35. Nc4 Nxf3 36. gxf3 Nf6 37. d6 g4 38. fxg4 Ne4 39. Re5 1-0

[Event "26. Münsterland Open"]
[Site "Senden"]
[Date "2008.09.27"]
[Round "1.2"]
[White "Simon, Thomas"]
[Black "Solodovnichenko, Yuri"]
[Result "0-1"]
[WhiteElo "2015"]
[BlackElo "2541"]
[PlyCount "54"]
[EventDate "2008.??.??"]
[WhiteTeam "SC Doppelbauer Brambauer"]
[BlackTeam "SF Gerresheim 86"]

1. Nf3 c5 2. c4 Nf6 3. Nc3 e6 4. g3 b6 5. Bg2 Bb7 6. O-O Be7 7. b3 O-O 8. Bb2
a6 9. d4 cxd4 10. Qxd4 d6 11. Rfd1 Nbd7 12. e4 Qc8 13. Rac1 Re8 14. Na4 e5 15.
Qe3 Nxe4 16. Nxb6 Nxb6 17. Qxb6 Nc5 18. Qa5 Qf5 19. Qc3 Ne4 20. Qc2 Rac8 21.
Re1 d5 22. Nxe5 Bb4 23. Re2 Rxe5 24. f3 Bc5+ 25. Kf1 d4 26. f4 Rce8 27. Ke1
Bb4+ 0-1

[Event "26. Münsterland Open"]
[Site "Senden"]
[Date "2008.09.27"]
[Round "1.3"]
[White "Ulko, Jaroslav"]
[Black "Kuznetsov, Mark"]
[Result "1-0"]
[WhiteElo "2470"]
[BlackElo "2003"]
[PlyCount "103"]
[EventDate "2008.??.??"]
[WhiteTeam "Kultur- und Sportverein Srbija"]
[BlackTeam "SG Porz"]

1. d4 Nf6 2. c4 e6 3. Nc3 Bb4 4. Bg5 d5 5. e3 O-O 6. a3 Bxc3+ 7. bxc3 Nbd7 8.
cxd5 exd5 9. Bd3 c5 10. Ne2 Qa5 11. f3 Re8 12. Qd2 b6 13. c4 Qxd2+ 14. Kxd2
cxd4 15. Nxd4 h6 16. Bxf6 Nxf6 17. Rhc1 Ba6 18. c5 Bxd3 19. Kxd3 bxc5 20. Rxc5
Rab8 21. Rb5 a6 22. Rxb8 Rxb8 23. Rc1 Nd7 24. Rc7 Ne5+ 25. Kc3 Nc4 26. e4 Nxa3
27. exd5 Nb5+ 28. Nxb5 axb5 29. Kb4 Kf8 30. Rc5 Ke7 31. Rxb5 Rc8 32. Rc5 Rb8+
33. Kc3 Kd6 34. Ra5 Rb7 35. g3 f5 36. Kc4 Rb2 37. Ra6+ Kd7 38. Rg6 Rxh2 39.
Rxg7+ Kd6 40. Rg6+ Kd7 41. Kd4 h5 42. Ke5 h4 43. gxh4 Rxh4 44. Rg7+ Kd8 45.
Kxf5 Rh3 46. f4 Re3 47. Ra7 Re2 48. Kf6 Re3 49. f5 Re2 50. Kf7 Re5 51. f6 Rxd5
52. Ke6 1-0

[Event "26. Münsterland Open"]
[Site "Senden"]
[Date "2008.09.27"]
[Round "1.4"]
[White "Kartsev, Alexandr"]
[Black "Stets, Dmitry"]
[Result "0-1"]
[WhiteElo "2000"]
[BlackElo "2420"]
[PlyCount "110"]
[EventDate "2008.??.??"]
[WhiteTeam "SF Brackel 1930"]
[BlackTeam "SF Gerresheim 86"]

1. d4 Nf6 2. Bg5 Ne4 3. Bf4 d6 4. Nd2 Nxd2 5. Qxd2 Nd7 6. e4 e5 7. Be3 Be7 8.
Bc4 O-O 9. Ne2 c6 10. O-O Qc7 11. Ng3 Nf6 12. c3 Nxe4 13. Nxe4 d5 14. dxe5 Qxe5
15. Bxd5 Qxd5 16. Qxd5 cxd5 17. Bc5 dxe4 18. Bxe7 Re8 19. Bg5 Bd7 20. Rfd1 Bc6
21. Rd4 a5 22. Rad1 f6 23. Be3 Kf7 24. g3 a4 25. b4 axb3 26. axb3 Ra3 27. Rb4
Rea8 28. Rxb7+ Bxb7 29. Rd7+ Kg6 30. Rxb7 h5 31. c4 h4 32. gxh4 Rh8 33. Kg2 Ra1
34. c5 Rxh4 35. h3 Rh8 36. b4 Kf5 37. b5 g5 38. c6 Rc8 39. Rd7 Ke6 40. Bc5 Rb1
41. Rb7 f5 42. c7 Ra1 43. Ba7 Kd7 44. b6 Rb1 45. Rb8 f4 46. Rb7 Rb2 47. Kf1 f3
48. Ke1 Rb1+ 49. Kd2 Rf1 50. Ke3 Re1+ 51. Kd2 Re2+ 52. Kc3 e3 53. Rb8 exf2 54.
b7 Rxc7+ 55. Kb3 Kc6 0-1

[Event "26. Münsterland Open"]
[Site "Senden"]
[Date "2008.09.27"]
[Round "1.5"]
[White "Saulin, Dimitrij"]
[Black "Michalicek, Roland"]
[Result "1-0"]
[WhiteElo "2409"]
[BlackElo "1972"]
[PlyCount "55"]
[EventDate "2008.??.??"]
[WhiteTeam "Kultur- und Sportverein Srbija"]
[BlackTeam "SV Königsspringer Haltern"]

1. e4 e5 2. Nf3 Nf6 3. Nxe5 d6 4. Nf3 Nxe4 5. d4 d5 6. Bd3 Bd6 7. O-O O-O 8. c4
c6 9. cxd5 cxd5 10. Nc3 Nxc3 11. bxc3 Bg4 12. Rb1 Nd7 13. h3 Bh5 14. Rxb7 Nb6
15. c4 Bxf3 16. Qxf3 a6 17. Rxb6 Qxb6 18. c5 Qb4 19. cxd6 Qxd4 20. Rd1 f5 21.
Bc2 Qe5 22. Bf4 Qb2 23. Qxd5+ Kh8 24. Bb3 a5 25. Be5 Qe2 26. Qd4 Rg8 27. Bxg8
Kxg8 28. d7 1-0

[Event "26. Münsterland Open"]
[Site "Senden"]
[Date "2008.09.27"]
[Round "1.6"]
[White "Stepa, Rainer"]
[Black "Donchenko, Anatoly"]
[Result "0-1"]
[WhiteElo "1972"]
[BlackElo "2399"]
[PlyCount "56"]
[EventDate "2008.??.??"]
[WhiteTeam "SK Westbevern 70"]
[BlackTeam "SK 1858 Gießen"]

1. Nf3 Nf6 2. d4 e6 3. e3 d5 4. Bd3 c5 5. c3 Nbd7 6. O-O Qc7 7. Nbd2 Be7 8. e4
dxe4 9. Nxe4 O-O 10. Bg5 b6 11. Qd2 Bb7 12. Bxf6 Nxf6 13. Qc2 g6 14. dxc5 bxc5
15. c4 Nh5 16. Neg5 Rad8 17. Be4 Bc8 18. Rfe1 Ng7 19. Rad1 f5 20. Bd3 e5 21.
Nxh7 Kxh7 22. Nxe5 Bf6 23. f4 Rd4 24. g3 Bb7 25. Re3 Bxe5 26. fxe5 Qc6 27. Kf2
f4 28. Bxg6+ Qxg6 0-1

[Event "26. Münsterland Open"]
[Site "Senden"]
[Date "2008.09.27"]
[Round "1.7"]
[White "Kummerow, Heiko"]
[Black "Distelrath, Oliver"]
[Result "1-0"]
[WhiteElo "2357"]
[BlackElo "1971"]
[PlyCount "55"]
[EventDate "2008.??.??"]
[WhiteTeam "Recklinghäuser SG"]
[BlackTeam "SC Läufer Wanne-Eickel 1956"]

1. e4 c6 2. d4 d5 3. f3 dxe4 4. fxe4 e5 5. Nf3 exd4 6. Bc4 Qe7 7. O-O Be6 8.
Bxe6 fxe6 9. Nxd4 Nd7 10. Qh5+ g6 11. Qh3 O-O-O 12. Nxe6 Re8 13. Nxf8 Rxf8 14.
Rxf8+ Qxf8 15. Nc3 Ngf6 16. Be3 Qe7 17. Rd1 h5 18. Bxa7 Ng4 19. Nb5 Rf8 20.
Nd6+ Kc7 21. Qg3 Qe5 22. Qxe5 Ngxe5 23. Be3 Ng4 24. Bg5 Nc5 25. Be7 Rf2 26. Nc4
Nxe4 27. h3 Ngf6 28. Bd8+ 1-0

[Event "26. Münsterland Open"]
[Site "Senden"]
[Date "2008.09.27"]
[Round "1.8"]
[White "Bartsch, Rainer"]
[Black "Michalczak, Thomas"]
[Result "0-1"]
[WhiteElo "1968"]
[BlackElo "2297"]
[PlyCount "38"]
[EventDate "2008.??.??"]
[WhiteTeam "Sportclub Falke Saerbeck 1924"]
[BlackTeam "SG 1868 Aljechin"]

1. d4 Nf6 2. Nf3 d5 3. e3 c5 4. dxc5 e6 5. c4 Bxc5 6. Nc3 O-O 7. cxd5 exd5 8.
Be2 Nc6 9. O-O a6 10. a3 Be6 11. b4 Bd6 12. b5 Ne5 13. Nd4 Rc8 14. Bb2 Nc4 15.
Bxc4 Rxc4 16. Nce2 axb5 17. Nxb5 Bxh2+ 18. Kxh2 Ng4+ 19. Kg3 Nxe3 0-1

[Event "26. Münsterland Open"]
[Site "Senden"]
[Date "2008.09.27"]
[Round "1.9"]
[White "Torres-Kuckel, Rafael"]
[Black "Darwisch, Mohamed"]
[Result "1-0"]
[WhiteElo "2270"]
[BlackElo "1963"]
[PlyCount "147"]
[EventDate "2008.??.??"]
[WhiteTeam "SV Ahlen 1954"]
[BlackTeam "SG Ahaus-Wessum"]

1. e4 e5 2. Nf3 Nc6 3. Bb5 f5 4. Qe2 Nf6 5. exf5 e4 6. d3 d5 7. dxe4 dxe4 8.
Ne5 Qd5 9. Nxc6 bxc6 10. Ba4 Bxf5 11. O-O Rd8 12. Bf4 Bd6 13. Nc3 Qc5 14. Qe3
Qb6 15. Qxb6 axb6 16. Bxc6+ Ke7 17. Bxd6+ Rxd6 18. Ba4 Rhd8 19. Rfe1 Rd4 20. h3
Nd5 21. Nxd5+ R8xd5 22. Bb3 Rd6 23. Re2 Kf6 24. Rae1 c5 25. c3 Rd2 26. Bc4 Bg6
27. Rxd2 Rxd2 28. Re2 Rd1+ 29. Kh2 h5 30. Kg3 Bf5 31. h4 g5 32. hxg5+ Kxg5 33.
Kh2 h4 34. Bb3 Rd6 35. Bc2 Kf4 36. a4 Rd8 37. Kg1 Rd6 38. Kf1 Rd8 39. b4 cxb4
40. cxb4 Rd4 41. b5 Be6 42. Ke1 Bc4 43. Re3 Be6 44. Rc3 Bc4 45. Rh3 Kg4 46.
Bd1+ Kg5 47. g3 hxg3 48. fxg3 Rxd1+ 49. Kxd1 Bb3+ 50. Kd2 Bxa4 51. Rh4 Bxb5 52.
Rxe4 Bd7 53. Ke3 b5 54. Re7 Bc6 55. Rg7+ Kf6 56. Rg8 Bd5 57. Rb8 Bc4 58. Kf4
Ke6 59. Ke4 Kf6 60. Kf4 Ke6 61. g4 Kd6 62. g5 Kc5 63. g6 b4 64. Rc8+ Kd4 65.
Rxc4+ Kxc4 66. g7 b3 67. g8=Q+ Kc3 68. Qc8+ Kb2 69. Ke3 Kb1 70. Qf5+ Ka2 71.
Qa5+ Kb1 72. Kd3 b2 73. Kc3 Kc1 74. Qa3 1-0

[Event "26. Münsterland Open"]
[Site "Senden"]
[Date "2008.09.27"]
[Round "1.10"]
[White "Mir Wais, Milod"]
[Black "Rott, Georg"]
[Result "0-1"]
[WhiteElo "1957"]
[BlackElo "2239"]
[PlyCount "74"]
[EventDate "2008.??.??"]
[WhiteTeam "SV Ahlen 1954"]
[BlackTeam "SK Münster 32"]

1. e4 e6 2. d4 d5 3. Nc3 Bb4 4. e5 Ne7 5. Bd2 O-O 6. a3 Bxc3 7. Bxc3 b6 8. Nf3
c5 9. b3 h6 10. Bb2 Ba6 11. Bxa6 Nxa6 12. O-O Rc8 13. c3 Nb8 14. Qe2 Nbc6 15.
Rfd1 Na5 16. Nd2 cxd4 17. cxd4 Rc2 18. Qd3 Rxb2 19. Qc3 Rxd2 20. Rxd2 Qc8 21.
Qd3 Qb7 22. Rc1 Rc8 23. Rdc2 Rxc2 24. Rxc2 Nac6 25. g4 Ng6 26. Qe3 Na5 27. f4
Qe7 28. f5 exf5 29. gxf5 Nh4 30. f6 Qe6 31. Qf4 g5 32. Qg3 Qf5 33. Rf2 Qe4 34.
Qh3 Qb1+ 35. Rf1 Qe4 36. Qc8+ Kh7 37. Qd7 Qg2# 0-1

[Event "26. Münsterland Open"]
[Site "Senden"]
[Date "2008.09.28"]
[Round "2.1"]
[White "Beermann, Michael"]
[Black "Borovikov, Vladislav"]
[Result "0-1"]
[WhiteElo "2136"]
[BlackElo "2580"]
[PlyCount "90"]
[EventDate "2008.??.??"]

1. e4 c5 2. Nf3 d6 3. d4 cxd4 4. Nxd4 Nf6 5. Nc3 a6 6. Bg5 e6 7. f4 Qb6 8. Qd2
Nc6 9. O-O-O Nxd4 10. Qxd4 Qxd4 11. Rxd4 Be7 12. Na4 Bd7 13. Nb6 Rd8 14. Bxf6
Bxf6 15. Rxd6 Bc6 16. Rxd8+ Bxd8 17. Nc4 Bc7 18. e5 b5 19. Nd6+ Ke7 20. Bd3 Bb6
21. Kd2 Bxg2 22. Rc1 f6 23. c4 fxe5 24. fxe5 Bd4 25. cxb5 Bxe5 26. Nc8+ Kf6 27.
Rg1 Bh3 28. Nb6 Bf4+ 29. Ke2 axb5 30. Bxb5 Bxh2 31. Rh1 Bg4+ 32. Ke3 Bd6 33.
Bd3 h5 34. Rf1+ Kg5 35. Nc4 Bc5+ 36. Kd2 Rf8 37. Rxf8 Bxf8 38. Ne5 Bb4+ 39. Ke3
Bc5+ 40. Kd2 Bb4+ 41. Ke3 Bc5+ 42. Kd2 Bf5 43. Bf1 Kf4 44. Nd3+ Bxd3 45. Kxd3
g5 0-1

[Event "26. Münsterland Open"]
[Site "Senden"]
[Date "2008.09.28"]
[Round "2.2"]
[White "Solodovnichenko, Yuri"]
[Black "Beutelhoff, Josef"]
[Result "1/2-1/2"]
[WhiteElo "2541"]
[BlackElo "2139"]
[PlyCount "103"]
[EventDate "2008.??.??"]

1. e4 e6 2. d4 d5 3. Nc3 dxe4 4. Nxe4 Nd7 5. Nf3 Ngf6 6. Nxf6+ Nxf6 7. c3 c5 8.
Ne5 a6 9. Bg5 cxd4 10. Qa4+ Bd7 11. Qxd4 Bb5 12. Qxd8+ Rxd8 13. Bxb5+ axb5 14.
Ke2 Rd5 15. Bxf6 gxf6 16. Ng4 Be7 17. Rad1 Rxd1 18. Rxd1 h5 19. Ne3 Bc5 20. a3
Ke7 21. Nc2 Rg8 22. Ne1 Rg4 23. Rd3 Rh4 24. Nf3 Re4+ 25. Kf1 Ra4 26. Nd2 Rh4
27. g3 Ra4 28. Kg2 Bb6 29. f3 f5 30. Kh3 Bg1 31. Nb3 Ra6 32. Rd1 Be3 33. Rd3
Bg1 34. Nc1 Ra4 35. Ne2 Bf2 36. Nd4 Bxd4 37. Rxd4 Rxd4 38. cxd4 Kf6 39. Kh4 Kg6
40. b3 Kh6 41. g4 hxg4 42. fxg4 fxg4 43. Kxg4 f6 44. a4 bxa4 45. bxa4 b6 46. h3
Kg6 47. Kf4 Kh5 48. Ke4 Kg5 49. d5 f5+ 50. Ke5 exd5 51. Kxd5 Kf4 52. Kc6
1/2-1/2

[Event "26. Münsterland Open"]
[Site "Senden"]
[Date "2008.09.28"]
[Round "2.3"]
[White "Fox, Daniel"]
[Black "Ulko, Jaroslav"]
[Result "0-1"]
[WhiteElo "2129"]
[BlackElo "2470"]
[PlyCount "62"]
[EventDate "2008.??.??"]

1. e4 c5 2. c3 Nf6 3. e5 Nd5 4. d4 cxd4 5. Nf3 Nc6 6. Bc4 Nb6 7. Bb3 d5 8. exd6
Qxd6 9. O-O Be6 10. Bxe6 Qxe6 11. Nxd4 Qd7 12. Nxc6 Qxc6 13. Be3 Nc4 14. Bd4
Nxb2 15. Qe2 Nc4 16. Nd2 Nxd2 17. Qxd2 e6 18. f4 Bc5 19. f5 O-O 20. f6 Qd5 21.
Rf4 Rfd8 22. Rg4 g6 23. Qh6 Bf8 24. Qh3 h5 25. Rh4 e5 26. Be3 Rac8 27. Rxh5
gxh5 28. Qxh5 Qe4 29. Qg5+ Qg6 30. Qxe5 Re8 31. Qf4 Rxe3 0-1

[Event "26. Münsterland Open"]
[Site "Senden"]
[Date "2008.09.28"]
[Round "2.4"]
[White "Stets, Dmitry"]
[Black "Meyer, Ulrich"]
[Result "1-0"]
[WhiteElo "2420"]
[BlackElo "2133"]
[PlyCount "95"]
[EventDate "2008.??.??"]

1. e4 e6 2. d3 d5 3. Nd2 g6 4. Ngf3 Bg7 5. g3 Ne7 6. Bg2 c5 7. O-O Nbc6 8. Re1
b6 9. exd5 exd5 10. d4 O-O 11. dxc5 bxc5 12. Nb3 Qb6 13. c3 Bg4 14. Bg5 Rfe8
15. Qd2 Rad8 16. h3 Bxf3 17. Bxf3 f6 18. Be3 d4 19. cxd4 cxd4 20. Bf4 g5 21.
Bxc6 Nxc6 22. Rxe8+ Rxe8 23. Bd6 Bf8 24. Re1 Rxe1+ 25. Qxe1 Bxd6 26. Qe6+ Kg7
27. Qxd6 Ne5 28. Qxb6 axb6 29. Nxd4 Kf7 30. Kf1 Ke7 31. Ke2 Kd6 32. b3 Kd5 33.
Ke3 Ng6 34. Ne2 f5 35. f4 h6 36. Kd3 Kc5 37. a3 Kd5 38. a4 Kc5 39. Kc3 Kd5 40.
b4 Ne7 41. Kd3 gxf4 42. Nxf4+ Ke5 43. Kc4 Ke4 44. Kb5 Kf3 45. Nh5 Nd5 46. a5
bxa5 47. bxa5 Kg2 48. Nf4+ 1-0

[Event "26. Münsterland Open"]
[Site "Senden"]
[Date "2008.09.28"]
[Round "2.5"]
[White "Ebert, Manuel"]
[Black "Saulin, Dimitrij"]
[Result "1/2-1/2"]
[WhiteElo "2097"]
[BlackElo "2409"]
[PlyCount "71"]
[EventDate "2008.??.??"]

1. e4 c5 2. Nf3 g6 3. d4 Bg7 4. Nc3 Nc6 5. d5 Nd4 6. Nxd4 cxd4 7. Nb5 Qb6 8.
Bd3 a6 9. Na3 Qc7 10. Bd2 b5 11. Rc1 d6 12. O-O Qa7 13. c3 dxc3 14. bxc3 Nf6
15. c4 Nd7 16. Be3 Bd4 17. Bxd4 Qxd4 18. Nc2 Qc3 19. Ne3 Qa5 20. cxb5 axb5 21.
Qe2 Ba6 22. Rb1 O-O 23. Bxb5 Nc5 24. f3 Na4 25. Bxa6 Nc3 26. Qd2 Rxa6 27. Rb3
Rc8 28. Rf2 Qc5 29. Rb2 Rxa2 30. Rxa2 Nxa2 31. h3 Nc3 32. Kh2 h5 33. Rf1 Qa3
34. Nc2 Qb2 35. Rf2 Nb5 36. Qb4 1/2-1/2

[Event "26. Münsterland Open"]
[Site "Senden"]
[Date "2008.09.28"]
[Round "2.6"]
[White "Donchenko, Anatoly"]
[Black "Stöckmann, Helmut"]
[Result "1-0"]
[WhiteElo "2399"]
[BlackElo "2121"]
[PlyCount "26"]
[EventDate "2008.??.??"]

1. d4 Nf6 2. Nf3 e6 3. c4 Bb4+ 4. Nbd2 b6 5. g3 Bb7 6. Bg2 O-O 7. O-O d5 8.
cxd5 exd5 9. Ne5 Nbd7 10. Ndf3 Be7 11. Bf4 c5 12. b3 Rc8 13. Rc1 Re8 1-0

[Event "26. Münsterland Open"]
[Site "Senden"]
[Date "2008.09.28"]
[Round "2.7"]
[White "Kümpers, Ulrich"]
[Black "Kummerow, Heiko"]
[Result "0-1"]
[WhiteElo "2088"]
[BlackElo "2357"]
[PlyCount "187"]
[EventDate "2008.??.??"]

1. d4 Nf6 2. c4 c5 3. d5 b5 4. cxb5 a6 5. bxa6 g6 6. Nc3 Bxa6 7. f4 Bg7 8. Nf3
Qa5 9. Bd2 d6 10. e4 O-O 11. Bxa6 Qxa6 12. e5 dxe5 13. fxe5 Ng4 14. Bf4 Nd7 15.
Qe2 Ngxe5 16. Nxe5 Nxe5 17. Nb5 Rfb8 18. Bxe5 Bxe5 19. Qxe5 Qxb5 20. b3 Qb4+
21. Kf2 Qd2+ 22. Kg3 Qd3+ 23. Kf2 c4 24. Rhe1 cxb3 25. axb3 Qxb3 26. Rxa8 Rxa8
27. Qxe7 Qxd5 28. Qe4 Qc5+ 29. Qe3 Ra2+ 30. Kg1 Qd5 31. Qe8+ Kg7 32. Qe5+ Qxe5
33. Rxe5 h5 34. h3 Kf6 35. Rb5 Re2 36. Kf1 Re5 37. Rb7 Rf5+ 38. Kg1 Kg5 39. Kh2
Rf1 40. Rb4 Re1 41. Rb3 Re6 42. Ra3 f5 43. Kg3 Re4 44. Kf3 Rb4 45. Kg3 Rc4 46.
Rb3 Ra4 47. Rc3 Rf4 48. Ra3 Re4 49. Rb3 h4+ 50. Kf3 Re5 51. Ra3 Kh5 52. Ra8 Rb5
53. Rh8+ Kg5 54. Rg8 Rb3+ 55. Kf2 Ra3 56. Rh8 Rg3 57. Rh7 Rb3 58. Rh8 Rb4 59.
Rg8 Rb6 60. Rh8 Rb5 61. Rg8 Kf6 62. Rf8+ Ke5 63. Rg8 Rb2+ 64. Kf3 Rb3+ 65. Kf2
Rg3 66. Rh8 g5 67. Ra8 Rd3 68. Ra7 Ke4 69. Ke2 Re3+ 70. Kf2 Kf4 71. Ra8 Re4 72.
Rb8 Ra4 73. Rb7 Ra2+ 74. Kg1 Rd2 75. Rb4+ Ke3 76. Rb3+ Ke2 77. Rb5 Rd1+ 78. Kh2
Rf1 79. Rb2+ Ke3 80. Rb3+ Ke4 81. Rb4+ Ke5 82. Rb5+ Kf6 83. Rb6+ Kg7 84. Rb7+
Kg6 85. Rb6+ Kh5 86. Rb8 f4 87. Rb6 f3 88. gxf3 Rxf3 89. Ra6 Rf2+ 90. Kg1 Rf7
91. Kg2 Rg7 92. Rb6 Rg6 93. Rb8 Kh6 94. Rb7 0-1

[Event "26. Münsterland Open"]
[Site "Senden"]
[Date "2008.09.28"]
[Round "2.8"]
[White "Michalczak, Thomas"]
[Black "Busche, Klaus"]
[Result "1-0"]
[WhiteElo "2297"]
[BlackElo "2109"]
[PlyCount "75"]
[EventDate "2008.??.??"]

1. e4 d5 2. exd5 Nf6 3. d4 Bg4 4. f3 Bf5 5. g4 Bd7 6. c4 c6 7. g5 Ng8 8. Nc3 e6
9. dxe6 Bxe6 10. d5 Bf5 11. Qe2+ Qe7 12. Bh3 Bxh3 13. Nxh3 Qxe2+ 14. Kxe2 Nd7
15. Be3 Bc5 16. Ne4 Bxe3 17. Kxe3 cxd5 18. cxd5 Ne7 19. Nd6+ Kf8 20. Nf4 Nb6
21. Rad1 Rd8 22. Nxb7 Nbxd5+ 23. Nxd5 Rxd5 24. Ke4 Rxd1 25. Rxd1 g6 26. Rd8+
Kg7 27. Rd7 Nf5 28. Rd8 Rf8 29. b4 Ne7 30. b5 Nc8 31. a4 Rxd8 32. Nxd8 f6 33.
f4 fxg5 34. fxg5 Nb6 35. a5 Nc4 36. Nb7 Na3 37. Nd6 Nb1 38. b6 1-0

[Event "26. Münsterland Open"]
[Site "Senden"]
[Date "2008.09.28"]
[Round "2.9"]
[White "Henrichs, Wenke"]
[Black "Torres-Kuckel, Rafael"]
[Result "0-1"]
[WhiteElo "2076"]
[BlackElo "2270"]
[PlyCount "52"]
[EventDate "2008.??.??"]

1. d4 Nf6 2. c4 g6 3. Nc3 Bg7 4. e4 d6 5. f3 O-O 6. Be3 c6 7. Nge2 a6 8. Qd2 b5
9. Ng3 Nbd7 10. Be2 h5 11. h4 Rb8 12. Nf1 Nb6 13. b3 bxc4 14. bxc4 Be6 15. d5
Bd7 16. Rc1 Re8 17. Kf2 Qc7 18. dxc6 Qxc6 19. Nd5 Nbxd5 20. cxd5 Qa4 21. Ng3
Rb2 22. Qd1 Qa3 23. Bd4 Rxa2 24. Re1 Ba4 25. Rc3 Qb4 26. Qd3 Ng4+ 0-1

[Event "26. Münsterland Open"]
[Site "Senden"]
[Date "2008.09.28"]
[Round "2.10"]
[White "Rott, Georg"]
[Black "Nattermüller, Irina"]
[Result "1/2-1/2"]
[WhiteElo "2239"]
[BlackElo "2090"]
[PlyCount "112"]
[EventDate "2008.??.??"]

1. e4 c5 2. Nf3 e6 3. c3 d6 4. d4 Nd7 5. Bd3 a6 6. O-O e5 7. a4 b6 8. Na3 Be7
9. Nc4 Qc7 10. Ne3 Qb8 11. Nf5 Bf6 12. dxe5 dxe5 13. Bc4 b5 14. axb5 Nb6 15.
Nd6+ Kf8 16. Nxc8 Nxc4 17. Qd5 Qxc8 18. Qxc4 a5 19. Be3 Ne7 20. Rfd1 h5 21. Rd6
h4 22. h3 Kg8 23. Rad1 Qe8 24. Qe2 Nc8 25. Rc6 a4 26. Bxc5 Rb8 27. Qc4 Rh6 28.
Qxa4 Rg6 29. c4 Kh7 30. Qa6 Kg8 31. b4 Kh7 32. Nh2 Ne7 33. Bxe7 Qxe7 34. c5 Qe8
35. Ng4 Ra8 36. Qb6 Rb8 37. Qa5 Ra8 38. Ra6 Rb8 39. b6 Qc8 40. Nxf6+ gxf6 41.
Kh2 Qc6 42. f3 Rbg8 43. Rd2 Rg3 44. Qa2 R8g7 45. Ra7 Qe8 46. b7 Qb5 47. Qb1
Rxg2+ 48. Rxg2 Rxg2+ 49. Kxg2 Qe2+ 50. Kg1 Qe3+ 51. Kf1 Qxf3+ 52. Ke1 Qh1+ 53.
Kd2 Qxb1 54. b8=Q Qb2+ 55. Kd3 Qb3+ 56. Kd2 Qb2+ 1/2-1/2

[Event "26. Münsterland Open"]
[Site "Senden"]
[Date "2008.09.28"]
[Round "3.1"]
[White "Borovikov, Vladislav"]
[Black "Sazanov, Nikolay"]
[Result "1/2-1/2"]
[WhiteElo "2580"]
[BlackElo "2204"]
[PlyCount "87"]
[EventDate "2008.??.??"]

1. d4 d5 2. c4 e6 3. Nc3 f5 4. Nf3 Nf6 5. Bf4 Bd6 6. Bxd6 Qxd6 7. e3 Nc6 8. a3
O-O 9. Qc2 Kh8 10. Rd1 a6 11. Be2 dxc4 12. Bxc4 b5 13. Be2 Bb7 14. O-O Ne7 15.
h3 Ng6 16. b4 Rac8 17. Rc1 Bxf3 18. Bxf3 Nh4 19. Qe2 e5 20. dxe5 Qxe5 21. Bc6
Rb8 22. g3 Rb6 23. Bh1 Ng6 24. Rfd1 Re6 25. Nd5 f4 26. gxf4 Nxf4 27. Nxf4 Qxf4
28. exf4 Rxe2 29. Bf3 Re7 30. Rc6 g6 31. Rxa6 Ne4 32. Re1 Rxf4 33. Bxe4 Rfxe4
34. Rxe4 Rxe4 35. Rc6 Rd4 36. Rxc7 Rd3 37. Kg2 Rxa3 38. Rb7 Rb3 39. Rxb5 Kg7
40. Rb7+ Kf6 41. f3 g5 42. b5 h5 43. Rb8 Kf5 44. Rf8+ 1/2-1/2

[Event "26. Münsterland Open"]
[Site "Senden"]
[Date "2008.09.28"]
[Round "3.2"]
[White "Ulko, Jaroslav"]
[Black "Meertens, Martin"]
[Result "1-0"]
[WhiteElo "2470"]
[BlackElo "2180"]
[PlyCount "81"]
[EventDate "2008.??.??"]

1. d4 Nf6 2. c4 c6 3. Nc3 d5 4. Nf3 a6 5. c5 Nbd7 6. Bf4 Nh5 7. Be5 Nxe5 8.
Nxe5 Nf6 9. e3 g6 10. Bd3 Bg7 11. f4 Bf5 12. Bxf5 gxf5 13. g4 fxg4 14. Nxg4 h5
15. Ne5 Ne4 16. Nxe4 dxe4 17. Nc4 f5 18. Qe2 Bf6 19. O-O-O Kf7 20. Nb6 Rb8 21.
d5 Qe8 22. d6 e5 23. d7 Qe6 24. fxe5 Qxe5 25. Qc2 Ke7 26. Rhg1 Rbf8 27. Na4 Kd8
28. Qb3 Kc7 29. Rd6 b5 30. Rgd1 a5 31. Re6 Qxh2 32. Rxc6+ Kxc6 33. Qe6+ Kb7 34.
Qb6+ Ka8 35. Qxa5+ Kb7 36. Qxb5+ Ka7 37. Qb6+ Ka8 38. c6 Bxb2+ 39. Nxb2 Qb8 40.
Qa5+ Qa7 41. d8=Q+ 1-0

[Event "26. Münsterland Open"]
[Site "Senden"]
[Date "2008.09.28"]
[Round "3.3"]
[White "Müschenich, Stefan"]
[Black "Stets, Dmitry"]
[Result "0-1"]
[WhiteElo "2157"]
[BlackElo "2420"]
[PlyCount "60"]
[EventDate "2008.??.??"]

1. e4 c5 2. Nf3 d6 3. Bb5+ Nd7 4. c4 a6 5. Ba4 Ngf6 6. Nc3 g6 7. d4 cxd4 8.
Nxd4 Bg7 9. Be3 O-O 10. f3 Ne5 11. b3 Nfd7 12. f4 Nc6 13. Bxc6 bxc6 14. Rc1 Bb7
15. Nde2 c5 16. O-O Nf6 17. Qd3 Qd7 18. h3 Rad8 19. g4 e6 20. g5 Nh5 21. f5
gxf5 22. exf5 Qc6 23. Kf2 Be5 24. Ke1 d5 25. cxd5 exd5 26. Na4 c4 27. Qb1 Rfe8
28. Kd1 d4 29. Bd2 d3 30. Ng1 Qg2 0-1

[Event "26. Münsterland Open"]
[Site "Senden"]
[Date "2008.09.28"]
[Round "3.4"]
[White "Steinle, Carsten"]
[Black "Donchenko, Anatoly"]
[Result "0-1"]
[WhiteElo "2143"]
[BlackElo "2399"]
[PlyCount "50"]
[EventDate "2008.??.??"]

1. Nf3 d5 2. g3 c6 3. Bg2 Bg4 4. d4 Nd7 5. c4 e6 6. Bf4 Ngf6 7. Nc3 dxc4 8. a4
Nd5 9. Qd2 Bb4 10. e4 Bxf3 11. Bxf3 Nxf4 12. Qxf4 O-O 13. O-O e5 14. dxe5 Qe7
15. Be2 Nxe5 16. Kg2 Rfd8 17. Rfd1 a6 18. Na2 Bc5 19. Nc3 g6 20. Qc1 Nd3 21.
Qc2 Nxf2 22. Rxd8+ Rxd8 23. Bxc4 Ng4 24. Qe2 h5 25. Rf1 Ne3+ 0-1

[Event "26. Münsterland Open"]
[Site "Senden"]
[Date "2008.09.28"]
[Round "3.5"]
[White "Kummerow, Heiko"]
[Black "Haenisch, Uwe"]
[Result "1-0"]
[WhiteElo "2357"]
[BlackElo "2165"]
[PlyCount "73"]
[EventDate "2008.??.??"]

1. e4 Nf6 2. e5 Nd5 3. d4 d6 4. Nf3 c6 5. Be2 g6 6. O-O Bg7 7. c4 Nc7 8. exd6
Qxd6 9. Nc3 Bg4 10. Qb3 b6 11. Be3 O-O 12. Rfd1 Qd8 13. h3 Bf5 14. Ne5 Qc8 15.
Bf3 Ne8 16. Bf4 Nd6 17. Rac1 f6 18. Nd3 Be6 19. d5 Bf7 20. Bxd6 exd6 21. dxc6
Nxc6 22. Qa4 Nd4 23. Bxa8 Qxa8 24. Nf4 f5 25. Nfd5 Qd8 26. Rd3 a5 27. Re1 Be8
28. Qd1 Nc6 29. Nf4 Bf7 30. Rxd6 Qc8 31. Ncd5 Kh8 32. Nxb6 Qc7 33. c5 Ne5 34.
Ne6 Bxe6 35. Rxe6 Rd8 36. Qe2 Qxc5 37. Na4 1-0

[Event "26. Münsterland Open"]
[Site "Senden"]
[Date "2008.09.28"]
[Round "3.6"]
[White "Bösel, Alexander"]
[Black "Michalczak, Thomas"]
[Result "1/2-1/2"]
[WhiteElo "2017"]
[BlackElo "2297"]
[PlyCount "95"]
[EventDate "2008.??.??"]

1. d4 Nf6 2. c4 c5 3. e3 e6 4. Nc3 cxd4 5. exd4 d5 6. Nf3 Bb4 7. Bg5 h6 8. Bd2
Nc6 9. a3 Be7 10. Be3 b6 11. cxd5 exd5 12. Rc1 O-O 13. Bd3 Bg4 14. h3 Bh5 15.
Qd2 Bg6 16. Bxg6 fxg6 17. Qc2 Kh7 18. Nxd5 Nxd4 19. Bxd4 Nxd5 20. Ne5 Nf4 21.
Qe4 Bf6 22. Rd1 Bxe5 23. Bxe5 Qe7 24. g3 Nh5 25. O-O Rae8 26. Rfe1 Qc5 27. Qd4
Qa5 28. Qc3 Qb5 29. Bd4 Rf7 30. Rxe8 Qxe8 31. Re1 Qd7 32. Kh2 Rf5 33. Qe3 Rd5
34. Bc3 Qf7 35. Kg1 Rg5 36. Kh2 Rf5 37. Re2 Rf3 38. Qd4 Nf6 39. Kg2 Qb7 40. Kh2
Qf7 41. Kg2 Rf5 42. Re5 Qb7+ 43. Kh2 Rxe5 44. Qxe5 Ne4 45. f4 Nf2 46. Qe1 Qf3
47. Bxg7 Nd3 48. Qe7 1/2-1/2

[Event "26. Münsterland Open"]
[Site "Senden"]
[Date "2008.09.28"]
[Round "3.7"]
[White "Torres-Kuckel, Rafael"]
[Black "Wewers, Reinhard"]
[Result "1/2-1/2"]
[WhiteElo "2270"]
[BlackElo "2141"]
[PlyCount "42"]
[EventDate "2008.??.??"]

1. e4 c5 2. Nf3 e6 3. d4 cxd4 4. Nxd4 a6 5. Bd3 Nf6 6. O-O Qc7 7. Qe2 d6 8. c4
g6 9. Nc3 Bg7 10. Bg5 O-O 11. Kh1 Re8 12. f4 Nc6 13. Nf3 b6 14. Rac1 Bb7 15. a3
h6 16. Bh4 Nh5 17. Qe3 f5 18. Bf2 Rab8 19. Rfe1 fxe4 20. Bxe4 Qf7 21. Qxb6 Ne5
(21... Ne5 22. fxe5 $5 Bxe4 23. Nxe4 $5 Rxb6 24. Bxb6 $36) 1/2-1/2